| 000 | 00932nam a22002771 4500 | ||
|---|---|---|---|
| 001 | 22255 | ||
| 003 | BD-RjUL | ||
| 005 | 20211209000803.0 | ||
| 008 | 140306s19631950enk b 001 0 eng | ||
| 035 | _a(BD-RjUL)22320 | ||
| 035 | _a(OCoLC)397257 | ||
| 040 |
_aDLC _cODaWU _dOCoLC _dDLC _dBD-RjUL _beng |
||
| 041 | 1 | _aengara | |
| 082 |
_a953.09 _bIBA 1963 |
||
| 100 | 0 |
_aIbn Khaldūn, _d1332-1406. _968588 |
|
| 245 | 1 | 3 |
_aAn Arab philosophy of history : _bselections from the Prolegomena of Ibn Khaldun of Tunis (1332-1406) / _cTranslated and arr. by Charles Issawi. |
| 250 | _a1st ed. | ||
| 260 |
_aLondon : _b John Murray, _c1963, 1950. |
||
| 300 |
_axiv, 190 p. ; _c18 cm. |
||
| 504 | _aBibliography: p. 181-182. and index. | ||
| 650 | 0 |
_aHistory _xPhilosophy _xEarly works to 1800. _968699 |
|
| 700 |
_a Issawi, Charles _9155444 |
||
| 942 |
_2ddc _cBK |
||
| 999 |
_c22255 _d22255 |
||